| 000 | 00761nam a22002657a 4500 | ||
|---|---|---|---|
| 001 | 6686 | ||
| 003 | FISKH | ||
| 005 | 20250521090529.0 | ||
| 008 | 250521b cb ||||| |||| 00| 0 eng d | ||
| 020 | _a050086011841 | ||
| 040 |
_aFISKH _beng _cFISKH _dFISKH |
||
| 050 | _aPZ8 .W186 | ||
| 082 | _a772 | ||
| 100 | _aAnonymous | ||
| 245 |
_aThe emperor's new clothes : _cStory & song / |
||
| 260 |
_aBurbank : _bWalt Disney Company, _c1975 |
||
| 300 |
_a24 pages : _bcolor illustrations ; _c19 cm |
||
| 505 | _aG | ||
| 520 | _aTwo dishonest weavers sell the vain emperor an invisible suit of clothes. | ||
| 521 | 8 |
_a380
_bLexile estimate |
|
| 521 | 8 |
_aG
_bRaz-Plus |
|
| 650 |
_aWalt Disney _v exposing |
||
| 942 |
_2ddc _cBK _n0 |
||
| 999 |
_c6686 _d6686 |
||